Loading...
Religion | 0 | 7 | 2 | 3 | 60 | 73 | 124.29 | 1 | 1 |
Philosophy | 0 | 6 | 2 | 1 | 50 | 57 | 84.00 | 3 | 5 |
Social Science | 0 | 4 | 1 | 1 | 35 | 72 | 103.25 | 0 | 1 |
Science - Biology | 0 | 3 | 1 | 1 | 25 | 113 | 120.67 | 0 | 0 |
Fine Arts - Other Fine Arts | 0 | 3 | 1 | 0 | 25 | 35 | 98.67 | 0 | 1 |
Fine Arts - Painting & Sculpture | 0 | 3 | 1 | 1 | 25 | 116 | 136.00 | 0 | 0 |
Science - Other Science | 0 | 2 | 1 | 0 | 15 | 49 | 90.00 | 0 | 1 |
Other Academic | 0 | 2 | 1 | 2 | 15 | 145 | 148.50 | 0 | 0 |
Geography | 0 | 2 | 1 | 0 | 15 | 59 | 101.50 | 1 | 1 |
Literature - European Literature | 0 | 1 | 0 | 0 | 10 | 134 | 134.00 | 0 | 0 |
History - American History | 0 | 1 | 0 | 1 | 10 | 121 | 121.00 | 0 | 0 |
History - Other History | 0 | 1 | 0 | 1 | 10 | 143 | 143.00 | 0 | 0 |
Current Events | 0 | 1 | 0 | 0 | 10 | 115 | 115.00 | 0 | 0 |
Literature - World Literature | 0 | 1 | 0 | 0 | 10 | 120 | 120.00 | 0 | 0 |
Mythology | 0 | 1 | 0 | 1 | 10 | 162 | 162.00 | 0 | 0 |
Science - Chemistry | 0 | 1 | 0 | 0 | 10 | 112 | 112.00 | 0 | 0 |
History - European History | 0 | 1 | 1 | 0 | 5 | 133 | 133.00 | 0 | 0 |
Literature - British Literature | 0 | 0 | 0 | 0 | 0 | 0.00 | 0 | 0 | |
Fine Arts - Classical Music | 0 | 0 | 1 | 0 | -5 | 0.00 | 0 | 0 |